rozpoznaj państwo po stolicy cz.2 - Statystyki

Ogólne statystyki
  • Ten quiz został rozwiązany 85 razy
  • Średni wynik to 7 z 10
Statystyki odpowiedzi
stolica państwo % Poprawnych
Kopenhaga Dania
100%
Tokio Japonia
100%
Londyn Wielka Brytania
99%
Dublin Irlandia
93%
Ankara Turcja
82%
Canberra Australia
78%
Abu Zabi Zjednoczone Emiraty Arabskie
74%
Manila Filipiny
47%
Taszkent Uzbekistan
39%
Aszczabad Turkmenistan
34%
Nie znaleziono quizów pasujących do podanych kryteriów
Rozkład punktacji
Procent ludzi z każdym wynikiem
Percentyl według liczby udzielonych odpowiedzi
Twoja historia wyników
Nie rozwiązałeś tego quizu